| 000 | 06066cam a22018374i 4500 | ||
|---|---|---|---|
| 003 | PE-LiUPU | ||
| 005 | 20250813165919.0 | ||
| 008 | 150706s r 000 0 d | ||
| 020 | _a9788496140332 | ||
| 035 | _a(Sirsi) i9788496140332 | ||
| 040 |
_aPE-LiUPU _bspa _cPE-LiUPU _erda |
||
| 049 | _aPRUA | ||
| 082 | 0 | 4 |
_a624.13 _bL83 _221 |
| 245 | 0 | 1 |
_aIngeniería del terreno : _bingeoter 13 / _cDavid Aguado. [et al.] ; [editor, Carlos López Jimeno]. |
| 264 | 1 |
_aMadrid : _bE.T.S.I. Minas, Universidad Politécnica de Madrid, _c2010. |
|
| 300 |
_a453 páginas : _bilustraciones ; _c25 cm. |
||
| 336 |
_atext _2rdacontent |
||
| 337 |
_aunmediated _2rdamedia |
||
| 338 |
_avolume _2rdacarrier |
||
| 504 | _aIncluye bibliografía al final de cada capítulo. | ||
| 505 | 0 | _aMedidas de tensiones in situ en sondeos de exploración -- El ensayo presiométrico, experiencia práctica en España -- Aplicaciones de la geofísica al estudio de inestabilidades de laderas y estructuras asociadas -- Problemas de estabilidad de taludes de desmonte -- Determinación de la probabilidad de falla en taludes rocosos considerando rotura plana -- Sistema de toma de decisiones asociadas a operaciones de conservación de taludes en suelos y roca -- Sistema de barreras dinámicas de protección contra caída de rocas, acorde con la normativa Europea Etag-27 -- Ejemplo de diseño de un muro de pantalla para excavaciones urbanas, mediante software aplicado -- Geotécnia de la cimentación de la cimbra a media ladera en el viaducto sobre el río Moutas -- Aplicación de diferentes técnicas para la creación de sótanos en edificios singulares -- Pilotes en obras marítimas -- Trabajos de refuerzo en los puentes de Toledo y Segovia en las obras de la M-30, Madrid -- Cimentación mediante pilotes del frente de ataque y puente de acceso del nuevo pantallán decal en el puerto de Huelva -- Impermeabilización de la estación del metro de Barcelona de Baró de Viver mediante inyecciones de impregnación a base de cemento y microcementos -- Pantallas de pilotes secantes. Pantallas ejecutadas con hidrofresa -- Instalaciones geotérmicas con intercambiadores en sondeos verticales -- Optimización económica de una instalación geotérmica: "el material de relleno de los sondeos" -- Influencia del tipo de relleno del sondeo en la eficiencia del campo de captación geotérmico -- Diseño y construcción de losa pilotada de cimentación activa para la climatización de una nave industrial -- Abastecimiento de calefacción y acs mediante bomba de calor geotérmica en el C.E.I.P. Mestre Ramiro Sabell en Ponteareas (pontevedra). | |
| 526 | _aP203 | ||
| 526 | _aP200 | ||
| 526 | _aSEG65 | ||
| 526 | _aSEG64 | ||
| 526 | _aSEG63 | ||
| 526 | _aSEG62 | ||
| 526 | _aSEG61 | ||
| 526 | _aSEG60 | ||
| 526 | _aSEG59 | ||
| 526 | _aSEG58 | ||
| 526 | _aSEG57 | ||
| 526 | _aSEG56 | ||
| 526 | _aSEG55 | ||
| 526 | _aSEG54 | ||
| 526 | _aSEG53 | ||
| 526 | _aSEG52 | ||
| 526 | _aSEG51 | ||
| 526 | _aSEG50 | ||
| 526 | _aSEG49 | ||
| 526 | _aSEG48 | ||
| 526 | _aSEG47 | ||
| 526 | _aSEG46 | ||
| 526 | _aSEG24 | ||
| 526 | _aSEG23 | ||
| 526 | _aSEG22 | ||
| 526 | _aSEG21 | ||
| 526 | _aSEG20 | ||
| 526 | _aSEG19 | ||
| 526 | _aSEG18 | ||
| 526 | _aSEG17 | ||
| 526 | _aSEG16 | ||
| 526 | _aSEG14 | ||
| 526 | _aSEG13 | ||
| 526 | _aSEG12 | ||
| 526 | _aSEG11 | ||
| 526 | _aSEG10 | ||
| 526 | _aSEG09 | ||
| 526 | _aSEG06 | ||
| 526 | _aSEG05 | ||
| 526 | _aSEG04 | ||
| 526 | _aSEG03 | ||
| 526 | _aSEG02 | ||
| 526 | _aSEG68 | ||
| 526 | _aSEG66 | ||
| 526 | _aSEG45 | ||
| 526 | _aSEG25 | ||
| 526 | _aSEG01 | ||
| 526 | _aP163 | ||
| 526 | _aP162 | ||
| 526 | _aP161 | ||
| 526 | _aP160 | ||
| 526 | _aP159 | ||
| 526 | _aP158 | ||
| 526 | _aP157 | ||
| 526 | _aP156 | ||
| 526 | _aP155 | ||
| 526 | _aP154 | ||
| 526 | _aP153 | ||
| 526 | _aP152 | ||
| 526 | _aP151 | ||
| 526 | _aP150 | ||
| 526 | _aP149 | ||
| 526 | _aP142 | ||
| 526 | _aP141 | ||
| 526 | _aP140 | ||
| 526 | _aP139 | ||
| 526 | _aP138 | ||
| 526 | _aP137 | ||
| 526 | _aP132 | ||
| 526 | _aP131 | ||
| 526 | _aP130 | ||
| 526 | _aP126 | ||
| 526 | _aP125 | ||
| 526 | _aP124 | ||
| 526 | _aP123 | ||
| 526 | _aP115 | ||
| 526 | _aP122 | ||
| 526 | _aP121 | ||
| 526 | _aP116 | ||
| 526 | _a P114 | ||
| 526 | _aP112 | ||
| 526 | _aP111 | ||
| 526 | _aP104 | ||
| 526 | _aP103 | ||
| 526 | _aP102 | ||
| 526 | _aP101 | ||
| 526 | _aP100 | ||
| 526 | _aP96 | ||
| 526 | _aP95 | ||
| 526 | _aP93 | ||
| 526 | _aP92 | ||
| 526 | _aP91 | ||
| 526 | _aP88 | ||
| 526 | _aP83 | ||
| 526 | _aP82 | ||
| 526 | _aP79 | ||
| 526 | _aP78 | ||
| 526 | _aP75 | ||
| 526 | _aP74 | ||
| 526 | _aP71 | ||
| 526 | _aP69 | ||
| 526 | _a P51 | ||
| 526 | _aP49 | ||
| 526 | _aP48 | ||
| 526 | _aP47 | ||
| 526 | _aP33 | ||
| 526 | _aP31 | ||
| 526 | _a P30 | ||
| 526 | _aP29 | ||
| 526 | _aP27 | ||
| 526 | _aP26 | ||
| 526 | _aP25 | ||
| 526 | _aP24 | ||
| 526 | _a P22 | ||
| 526 | _aP10 | ||
| 526 | _aP09 | ||
| 526 | _a P08 | ||
| 526 | _aP06 | ||
| 526 | _aP05 | ||
| 526 | _aP04 | ||
| 526 | _aP01 | ||
| 541 | _g015-001535; | ||
| 650 | 0 | 4 | _aGeotecnia. |
| 650 | 0 | 4 | _aGeología aplicada. |
| 700 | 1 | _aAguado, David | |
| 710 | 2 |
_aEscuela Técnica Superior de Ingenieros de Minas.Universidad Politécnica de Madrid. _bEscuela Técnica Superior de Ingenieros de Minas |
|
| 700 | 1 |
_aAlonso Sierra Galeano, Javier, _ecoaut |
|
| 700 | 1 |
_aLópez Jimeno, Carlos, _eed. |
|
| 910 |
_cjck _d20130529 |
||
| 942 |
_2ddc _cBOOK |
||
| 949 |
_a624.13 L83 13 _wDEWEY _c1 _i67333 _lCCODEBUL1 _mBUL _p58.00 _r0 _sY _tBOOK _u2015-7-6 _xINGENIERIA _PP25 _o.STAFF. Colección General |
||
| 994 |
_aC0 _bPEPRU |
||
| 596 | _a1 | ||
| 999 |
_a624.13 L83 13 _wDEWEY _c54999 _i67333 _d54999 _e2017-3-9 _f2021-11-9 _g7 _lCCODEBUL1 _mBUL _n1 _p58.00 _q1 _r0 _sY _tBOOK _u2015-7-6 _xINGENIERIA _PP25 _0COMPRA _o.STAFF. Colección General |
||
| 980 |
_81 _gALBERTO SANCHEZ Responsable de Automatización |
||